| 000 | 00517nam a2200193 i 4500 | ||
|---|---|---|---|
| 001 | 29925 | ||
| 003 | ES-MaACL | ||
| 005 | 20231224062917.0 | ||
| 007 | t| | ||
| 008 | 030123s1909 sp ||||1| spa d | ||
| 100 | 1 |
_aBaroja, Pío, _d1872-1956 _925752 |
|
| 245 | 1 | 3 |
_aLa ciudad de la niebla _b: novela / _cPío Baroja. |
| 260 |
_aMadrid : _b[s.n., _c1909] ( _fSuc. Hernando) |
||
| 300 |
_a314 p. ; _c19 cm. |
||
| 490 | 1 | _aLa raza | |
| 830 | 0 |
_aLa raza _9181299 |
|
| 852 |
_aES-MaACL _jB-5755 |
||
| 999 |
_c29925 _d29925 |
||